Organická chemie : učební text pro přípravu dělníků ve školách dělnic. povolání, učební obory skupiny chemie /

Hlavní autor: Kucler, Rudolf
Jazyk: Čeština
Vydáno: Praha : Nakladatelství technické literatury, 1970
Vydání: 3. upr. vyd.
Edice: Knižnice dělníka v chemickém průmyslu
Externí odkaz: Digitalizovaný dokument
Fyzický popis: 93 s.
Knihy
Uloženo v:
LEADER 01128nam a22002652a 4500
001 000411504
003 CZ BrMZK
005 20091224193105.0
007 ta
008 010825s1970 xr f cze d
015 |a cnb000452143 
035 |a (OCoLC)42106591 
040 |a BOA001  |b cze  |c BOA002 
100 1 |a Kucler, Rudolf  |7 jk01070483  |4 aut 
245 1 0 |a Organická chemie :  |b učební text pro přípravu dělníků ve školách dělnic. povolání, učební obory skupiny chemie /  |c Rudolf Kucler 
250 |a 3. upr. vyd. 
260 |a Praha :  |b Nakladatelství technické literatury,  |c 1970 
300 |a 93 s. 
490 1 |a Knižnice dělníka v chemickém průmyslu 
830 0 |a Knižnice dělníka v chemickém průmyslu 
856 4 1 |u http://www.digitalniknihovna.cz/mzk/uuid/uuid:e2ef14c0-db51-11e3-b110-005056827e51  |y Digitalizovaný dokument  |x NDK 
910 |a BOA001  |b PK-0057.166  |b 1-0512.527-70 
990 |a BK 
996 6 |b 2619450185  |c 1-0512.527-70  |l MZK  |r Sklad / do 1 hodiny  |n 0  |w 000411504  |u 000020  |a 1  |e BOA001  |j MZK50  |s P 
996 7 |b 3119823653  |c PK-0057.166  |l MZK  |r Sklad / do 1 hodiny  |n 2  |w 000411504  |u 000010  |a 1  |e BOA001  |j MZK50  |s A